000 00900pam a2200277 a 4500
999 _c7324
_d7324
001 1879896
003 GBCCL
005 20241126110625.0
008 830928r1984 cau 000 0 eng
010 _a 83048999
020 _a0060670533 (pbk.) :
_c$6.95
040 _aDLC
_cDLC
_dDLC
050 0 0 _aBS680.H4
_bS36 1984
082 0 0 _a220.6
_219
_bSAN
100 1 _aSanford, Agnes Mary White.
_912968
245 1 4 _aThe healing power of the Bible /
_cAgnes Sanford.
250 _a1st Harper & Row paperback ed.
260 _aSan Francisco :
_bHarper & Row,
_c1984, c1969.
300 _a221 p. ;
_c20 cm.
600 1 0 _aSanford, Agnes Mary White.
_912968
630 0 0 _aBible
_xCriticism, interpretation, etc.
_9144
650 0 _aSpiritual healing
_xBiblical teaching.
_912969
650 0 _aMiracles
_xBiblical teaching.
_94064
906 _a7
_bcbc
_corignew
_d1
_eocip
_f19
_gy-gencatlg
942 _2ddc
_cBK